00860cam a2200229Ii 4500008004100000020003000041040001500071245018300086264004000269300004800309336002600357337002800383338002700411500002000438504004000458650002200498700003000520700003300550700002900583003000100612005001700613  a9780128040119 (paperback) aNUSTcNUST00aMetabolism and pathophysiology of bariatric surgery :bnutrition, procedures, outcomes and adverse effects /c[edited by] Victor R. Preedy, Rajkumar Rajendram &. Colin R. Martin. 1aAmsterdam :bAcademic Press,c2017. axxvii, 655 pages :billustrations ;c28 cm. atextbtxt2rdacontent aunmediatedbn2rdamedia avolumebnc2rdacarrier aIncludes index. ancludes bibliographical references. 0aObesityxSurgery.1 aPreedy, Victor Reeditor.1 aRajendram, Rajkumareeditor.1 aMartin, Colin Reeditor.20230120204323.0